| 000 | 00494nam a22001817a 4500 | ||
|---|---|---|---|
| 003 | koha_MIRAKIL | ||
| 005 | 20231213095625.0 | ||
| 008 | 231213b |||||||| |||| 00| 0 ||| d | ||
| 020 | _b978-6-05-588222-8 | ||
| 040 |
_aTR-IsEVY _btur _cTR-IsEVY |
||
| 082 | _a600 TUR/İ | ||
| 100 | _aTURAN, ERCAN. | ||
| 245 | 0 | _aİNSAN KAYNAKLARI YAKLAŞIMINA GÖRE ÜNİVERSİTAS ÖNCESİ,ÜNİVERSİTE VE SONRASI. | |
| 260 |
_bCrea, _c2009 |
||
| 300 | _a159. | ||
| 650 | _aTeknoloji. | ||
| 942 |
_2ddc _cBK |
||
| 999 |
_c6732 _d6732 |
||